Individuálny vs. spoločný záujem veriteľov v reštrukturalizačnom konaní
Reštrukturalizácia ako kolektívne uspokojovanie veriteľov. Záujem spoločníkov ako spriaznených veriteľov. Reštrukturalizačný plán ako zmluva Sui Generis. Spoločenstvo veriteľov ako väčšinový rozhodovací princíp. Zásady súdu do autonómie vôle veriteľov.
Uložené v:
| Hlavný autor: | |
|---|---|
| Ďalší autori: | |
| Médium: | Kapitola |
| Jazyk: | Slovak |
| Predmet: | |
| Tagy: |
Žiadne tagy, Buďte prvý, kto otaguje tento záznam!
|
MARC
| LEADER | 00000naa a2200000 4500 | ||
|---|---|---|---|
| 001 | 0249470 | ||
| 005 | 20181211111801.6 | ||
| 041 | 0 | |a slo | |
| 044 | |a SK | ||
| 245 | 1 | 0 | |a Individuálny vs. spoločný záujem veriteľov v reštrukturalizačnom konaní |c Mária Patakyová, Jana Duračinská |
| 520 | |a Reštrukturalizácia ako kolektívne uspokojovanie veriteľov. Záujem spoločníkov ako spriaznených veriteľov. Reštrukturalizačný plán ako zmluva Sui Generis. Spoločenstvo veriteľov ako väčšinový rozhodovací princíp. Zásady súdu do autonómie vôle veriteľov. | ||
| 610 | 2 | 0 | |a reštrukturalizácia finančná |
| 610 | 2 | 0 | |a skupiny záujmové |
| 610 | 2 | 0 | |a veritelia |
| 610 | 2 | 0 | |a úpadok podniku |
| 610 | 2 | 0 | |a dlžníci |
| 100 | 1 | |a Patakyová, Mária | |
| 700 | 1 | |a Duračinská, Jana | |